| 000 | 00413nam a22001577a 4500 | ||
|---|---|---|---|
| 003 | MACL | ||
| 005 | 20160112163509.0 | ||
| 008 | 160112b xxu||||| |||| 00| 0 eng d | ||
| 040 | _cMACL | ||
| 041 | _aEnglish | ||
| 082 | _a333 | ||
| 100 |
_aHussain,Shamna Shukla,Shailesh _931547 |
||
| 245 | _aBiodiversity Environment and Disaster Management | ||
| 260 |
_aNew Delhi _bUnique Publishers _c2014 |
||
| 942 |
_2ddc _cBK |
||
| 999 |
_c52085 _d52085 |
||